Joueurs champions du monde 2018 - Mort subite - Statistiques

Statistiques générales
  • Ce quiz a été pris 4 002 fois
  • Le résultat moyen est 12 sur 23
Answers on the Grid
Answers color-coded by a green-red scale on the quiz's grid according to % correct below.
Adil Rami
Adrien Rabiot
Alexandre Lacazette
Alphonse Aréola
Anthony Martial
Antoine Griezmann
Benjamin Mendy
Benjamin Pavard
Benoît Costil
Blaise Matuidi
Clément Grenier
Corentin Tolisso
Dimitri Payet
Djibril Sidibé
Florian Thauvin
Hatem Ben Arfa
Hugo Lloris
Karim Benzema
Kingsley Coman
Kurt Zouma
Kylian Mbappé
Laurent Koscielny
Lucas Digne
Lucas Hernandez
Mathieu Débuchy
Moussa Diaby
Moussa Sissoko
N'Golo Kanté
Nabil Fékir
Olivier Giroud
Ousmane Dembélé
Paul Pogba
Presnel Kimpembe
Raphaël Varane
Samuel Umtiti
Steve Mandanda
Steven Nzonzi
Théo Hernandez
Thomas Lemar
Wissam Ben Yedder
 
Statistiques - réponses
Réponse % Correct
Kylian Mbappé
60%
Samuel Umtiti
60%
Antoine Griezmann
59%
Benjamin Pavard
59%
Hugo Lloris
59%
N'Golo Kanté
59%
Olivier Giroud
59%
Paul Pogba
59%
Adil Rami
58%
Raphaël Varane
57%
Blaise Matuidi
54%
Ousmane Dembélé
53%
Lucas Hernandez
52%
Steve Mandanda
51%
Presnel Kimpembe
50%
Steven Nzonzi
49%
Florian Thauvin
48%
Alphonse Aréola
46%
Benjamin Mendy
45%
Nabil Fékir
45%
Corentin Tolisso
44%
Thomas Lemar
43%
Djibril Sidibé
39%
Aucun quiz correspondant
Distribution des résultats
% des personnes avec chaque résultat
Percentile par nombre de réponses
Votre historique - résultats
Vous n’avez pas pris ce quiz